01010cam a2200253 a 450000100100000000500170001000800410002702000150006804000250008308200180010810000340012624501110016026000390027130000350031049000280034550400530037365000280042665000310045465100650048583000360055091000340058695201210062099900150074100000697320200929154033.0000504s1999 sp b 001 1 spa  a8493037613 aDO-SdBNPcDLCdBNPHU a863.64bR829e1 aRosset, Edward,d1938-91938213aEl estratega cartaginés :bAníbal, el genio militar más grande de todos los tiempo /cEdward Rosset. aEspaña :bMundo Conocido,c1999. a408 p. :bil., mapas ;c21 cm.1 aPersonajes Históricos aIncluye referencias bibliográficas (p. [409]). 4aNovela española91123 4aLiteratura española9632 4aCatargo (Ciudad Desaparecida{Rpara}xHistoriaxNovela919383 0aPersonajes Históricos.919384 aCatalogación por copia / LC 001052708MOaGRbGRcCTd2009-09-03iLF1l0o863.64 R829ep6973-10r2020-06-25w2020-06-25y2ZPréstamo interno c6757d6757